000 01549nam0a22003131 4500
001 rc\3635416
005 20260407111128.0
021 _aRU
_b[73-51992]
035 _a(NLR Aleph) 007826731
090 _a7761819
_c7761819
100 _a20130115d1973 |||y0rusy50 ca
101 0 _arus
102 _aRU
105 _aa z |||||
200 1 _aМетодические рекомендации по конструированию и техническому размножению женских брюк из трикотажных полотен устойчивых переплетений, изготовленных на плоскофанговых машинах
_fМ-во бытового обслуживания населения УССР. Респ. дом моделей
210 _aКиев
_cБ. и.
_d1973
215 _a25 с.
_cил.
_d29
300 _aНа обороте тит. л. сост.: инж. М. Дубилей, конструкторы Н. Педь, Б. Левицкая, Н. Недзельская
606 _aБрюки трикотажные, женские
_xКонструирование
_2psbo
702 1 _aПедь
_bН.
_4220
702 1 _aЛевицкая
_bБ.
_4220
702 1 _aДубилей
_bМ.А.
_4220
702 1 _aНедзельская
_bН.
_4220
712 0 2 _aУкраинский республиканский дом моделей
_cКиев
_3RU\NLR\AUTH\889938691
_9372232
801 0 _aRU
_bNLR
_gpsbo
801 1 _aRU
_bELAR
_2rusmarc
852 _aNLR
_j73-8/828
942 _cBOOK
980 _aNB